ARRUPE JESUIT UNIVERSITY

CORONAVIRUS -STOP THE SPREAD - CLEAN,DISINFECT,COVER

Colonialism and Christian mission : (Record no. 130434)

MARC details
000 -LEADER
fixed length control field 01016nam a2200301 a 4500
001 - CONTROL NUMBER
control field 3483815
003 - CONTROL NUMBER IDENTIFIER
control field ARRUPE
005 - DATE AND TIME OF LATEST TRANSACTION
control field 20200319110011.0
008 - FIXED-LENGTH DATA ELEMENTS--GENERAL INFORMATION
fixed length control field 940128s1993 ii b 000 0 eng
010 ## - LIBRARY OF CONGRESS CONTROL NUMBER
LC control number 93909086
020 ## - INTERNATIONAL STANDARD BOOK NUMBER
International Standard Book Number 8172141009 :
Terms of availability Rs75.00 ($10.00 U.S.)
025 ## - OVERSEAS ACQUISITION NUMBER
Overseas acquisition number I-E-72683
040 ## - CATALOGING SOURCE
Original cataloging agency DLC
Transcribing agency DLC
042 ## - AUTHENTICATION CODE
Authentication code lcode
043 ## - GEOGRAPHIC AREA CODE
Geographic area code a-ii---
050 00 - LIBRARY OF CONGRESS CALL NUMBER
Classification number BV3265
Item number .D48 1993
300 ## - PHYSICAL DESCRIPTION
Dimensions 22 cm.
100 1# - MAIN ENTRY--PERSONAL NAME
Personal name Dharmaraj, Jacob S.
9 (RLIN) 49724
245 10 - TITLE STATEMENT
Title Colonialism and Christian mission :
Remainder of title postcolonial reflections /
Statement of responsibility, etc Jacob S. Dharmaraj.
260 ## - PUBLICATION, DISTRIBUTION, ETC. (IMPRINT)
Place of publication, distribution, etc Delhi :
Name of publisher, distributor, etc Indian Society for Promoting Christian Knowledge,
Date of publication, distribution, etc 1993.
300 ## - PHYSICAL DESCRIPTION
Extent xx, 149 p. ;
504 ## - BIBLIOGRAPHY, ETC. NOTE
Bibliography, etc Includes bibliographical references (p. [143]-149).
520 ## - SUMMARY, ETC.
Summary, etc Relates chiefly to the Indian scene.
650 #0 - SUBJECT ADDED ENTRY--TOPICAL TERM
Topical term or geographic name as entry element Missions
Geographic subdivision India.
9 (RLIN) 49733
651 #0 - SUBJECT ADDED ENTRY--GEOGRAPHIC NAME
Geographic name India
General subdivision History
Chronological subdivision British occupation, 1765-1947.
9 (RLIN) 7237
906 ## - LOCAL DATA ELEMENT F, LDF (RLIN)
a 7
b cbc
c origode
d 2
e ncip
f 19
g y-gencatlg
942 ## - ADDED ENTRY ELEMENTS (KOHA)
Source of classification or shelving scheme Library of Congress Classification
Koha item type Monograph ( Printed materials)
Holdings
Withdrawn status Lost status Source of classification or shelving scheme Damaged status Not for loan Collection code Home library Current library Shelving location Date acquired Total Checkouts Full call number Barcode Date last seen Price effective from Koha item type
    Library of Congress Classification     Main Collection ARRUPE LIBRARY ARRUPE LIBRARY Main Collection 19/03/2020   BV3265 .D48 1993 46600006868 19/03/2020 19/03/2020 Monograph ( Printed materials)

 

Arrupe Library. PO Box MP320 Mt Pleasant, Harare, Zimbabwe
263 242 745411|librarian@aju.ac.zw